000 01237nam a22002777a 4500
008 230124b2022 gw ||||| |||| 00| 0 eng d
020 _a9783648163481
041 _aeng
050 _a307.76
100 _aHackelberg, Florian
245 _aESG and Real Estate
_ba practical guide for the entire real estate and investment life cycle
250 _a1st
260 _aMunich,
_bHaufe,
_c2022
300 _a585p.
500 _aBook donated by the author
520 _aThe authors give an overview of German and European regulations. They highlight the importance of Environmental & Social Governance requirements in areas such as new construction, refurbishment (retrofit) & real estate management. Sustainability in the real estate industry examining the ESG transformation and growing regulatory pressure; interdisciplinary analysis of regulatory and market trends; ESG in a German national and international context; definition and measurement of ESG criteria. Digitalization.
583 _aDonated by the author
650 _aReal Estate
650 _aESG
650 _aInvestment
651 _aGermany
700 _aHackelberg, Florian
700 _aVeith, Thomas
700 _aConrads, Christiane
942 _n0
999 _c121327
_d121327